000 00618nam a2200229Ia 4500
003 OSt
005 20220928124317.0
006 a|||||r|||| 00| 0
007 ta
008 220927b |||||||| |||| 00| 0 eng d
024 _a38441
037 _cReference Collections
040 _aSDCL
_cSDCL
_beng
041 _2eng
_aeng
082 _aX62:8Jg, M3 RR
100 _aGhosh A
_9373889
245 0 _aHandbook on bank audit.
260 _aCalcutta
_bBook Corporation
_c1983
300 _axv,96p
_ccm.
942 _hX62:8Jg, M3 RR
_cREF
_2CC
999 _c777205
_d777205